La violencia totalitaria (Record no. 96216)

MARC details
000 -LEADER
campo de control de longitud fija 00951nam a2200289 i 4500
001 - NÚMERO DE CONTROL
campo de control 96216
003 - IDENTIFICADOR DE NÚMERO DE CONTROL
campo de control ES-MaACL
005 - FECHA Y HORA DE LA ÚLTIMA TRANSACCIÓN
campo de control 20230906181853.0
007 - CAMPO FIJO DE DESCRIPCIÓN FÍSICA--INFORMACIÓN GENERAL
campo de control de longitud fija t|
008 - DATOS DE LONGITUD FIJA--INFORMACIÓN GENERAL
campo de control de longitud fija 050614s1982 sp ||||1| spa d
020 ## - NÚMERO INTERNACIONAL ESTÁNDAR DEL LIBRO
Número Internacional Estándar del Libro 84-254-1218-8
080 ## - NÚMERO DE LA CLASIFICACIÓN DECIMAL UNIVERSAL
Número de la Clasificación Decimal Universal 301:17
080 ## - NÚMERO DE LA CLASIFICACIÓN DECIMAL UNIVERSAL
Número de la Clasificación Decimal Universal 32:1
100 1# - ENTRADA PRINCIPAL--NOMBRE DE PERSONA
Nombre de persona Maffesoli, Michel.
9 (RLIN) 75426
245 13 - MENCIÓN DEL TÍTULO
Título La violencia totalitaria
Resto del título : ensayo de antropología política /
Mención de responsabilidad, etc. Michel Maffesoli ; prólogo de Pierre Sansot ; [versión castellana de Diorki].
260 ## - PUBLICACIÓN, DISTRIBUCIÓN, ETC.
Lugar de publicación, distribución, etc. Barcelona :
Nombre del editor, distribuidor, etc. Herder,
Fecha de publicación, distribución, etc. 1982.
300 ## - DESCRIPCIÓN FÍSICA
Extensión 332 p. ;
Dimensiones 25 cm.
490 1# - MENCIÓN DE SERIE
Mención de serie Biblioteca Herder. Sección de filosofía ;
Designación de volumen o secuencia 167
504 ## - NOTA DE BIBLIOGRAFÍA, ETC.
Nota de bibliografía, etc. Bibliografía: p. 320-328.
650 #4 - PUNTO DE ACCESO ADICIONAL DE MATERIA--TÉRMINO DE MATERIA
Término de materia o nombre geográfico como elemento de entrada Poder.
9 (RLIN) 16144
650 #4 - PUNTO DE ACCESO ADICIONAL DE MATERIA--TÉRMINO DE MATERIA
Término de materia o nombre geográfico como elemento de entrada Política-
Subdivisión general Filosofía-
Subdivisión cronológica S.XX.
9 (RLIN) 16279
700 1# - ENTRADA AGREGADA--NOMBRE PERSONAL
Nombre de persona Sansot, Pierre.
9 (RLIN) 103226
710 2# - ENTRADA AGREGADA--NOMBRE DE ENTIDAD CORPORATIVA
Nombre de entidad corporativa o nombre de jurisdicción como elemento de entrada Diorki.
9 (RLIN) 3392
830 1# - PUNTO DE ACCESO ADICIONAL DE SERIE-TÍTULO UNIFORME
Título uniforme Biblioteca Herder. Sección de filosofía ;
Designación de volumen o secuencia 167
9 (RLIN) 232236
852 4# - LOCALIZACIÓN
Ubicación ES-MaACL
Número de control de estantería L-7758
Holdings
Estatus retirado Estado de pérdida Estado de daño No para préstamo Biblioteca de origen Biblioteca actual Ubicación en estantería Fecha de adquisición Fuente de adquisición Total de préstamos Signatura topográfica completa Código de barras Visto por última vez Precio de reemplazo Tipo de ítem Koha
        Biblioteca del Ateneo de Madrid Biblioteca del Ateneo de Madrid Depósito 2 17/01/2008     L-7758 1100456 23/02/2023 23/02/2023 Libro impreso